00587nam a2200217Ia 4500003000400000005001700004006001800021007000300039008004100042037001700083040001800100041001300118082001200131100002600143245005100169260005100220300003700271650002200308942002000330999001900350OSt20220925193137.0a|||||r|||| 00| 0ta220923b |||||||| |||| 00| 0 eng d cGeneral Book aRTLcRTLbeng 2engaeng aX:8, L9 aZey- Ferrell Mary Ed. 0at, context, structure, process and performance aCaliforniabGoody ear publishing c1979 axiii, 319p. Bib chapterwiseccm. aManagement930681 hX:8, L9cGB2CC c524687d524687